[Event "Reykjavik Open 2025"]
[Site "Reykjavik"]
[Date "2025.04.13"]
[Round "6.78"]
[White "Muskens, Mink"]
[Black "Mensing, Adrian"]
[Result "0-1"]
[WhiteElo "1841"]
[WhiteFideId "1085050"]
[BlackElo "2078"]
[BlackFideId "1043293"]
[Variant "Standard"]
[StudyName "ROpen 2025 - Rd6 - Boards 45-108"]
1. e4 e5 2. Nf3 d5 3. Nxe5 Bd6 4. d4 dxe4 5. Bb5+ Nd7 6. Nxd7 Bxd7 7. Bxd7+ Qxd7 8. O-O O-O-O 9. c4 f5 10. c5 Bxc5 11. Bf4 Qxd4 12. Qc2 Bb6 13. Na3 Ne7 14. Nb5 Qd3 15. Qa4 Nc6 16. Rac1 g5 17. Bxc7 Bxc7 18. Rxc6 bxc6 19. Nxa7+ Kb7 20. Qxc6+ Kb8 21. Nb5 Qd7 22. Qa6 Bf4 23. g3 Qb7 24. Qa5 e3 25. gxf4 gxf4 26. fxe3 fxe3 27. Rf3 Rhg8+ 28. Rg3 Rd1+ 0-1

[Event "Reykjavik Open 2025"]
[Site "Reykjavik"]
[Date "2025.04.13"]
[Round "6.80"]
[White "Duault, Alexis"]
[Black "Weersing, Abigail Riis"]
[Result "1-0"]
[WhiteElo "1833"]
[WhiteFideId "36026913"]
[BlackElo "2069"]
[BlackFideId "460036"]
[Variant "Standard"]
[StudyName "ROpen 2025 - Rd6 - Boards 45-108"]
1. d4 d5 2. c4 e6 3. Nc3 Nf6 4. Nf3 Be7 5. Bf4 O-O 6. e3 c5 7. dxc5 Bxc5 8. a3 Nc6 9. Qc2 Qa5 10. Rc1 d4 11. exd4 Bxd4 12. Bd3 e5 13. Bd2 Qb6 14. O-O h6 15. b4 Bg4 16. Nxd4 Nxd4 17. Qb2 Qc6 18. Rfe1 Rfe8 19. Ne4 Nxe4 20. Bxe4 Qc7 21. Be3 Rad8 22. Bd5 Nf5 23. Bd2 Nd4 24. Bc3 Be6 25. Bxd4 exd4 26. Qxd4 b5 27. Qe5 Qxe5 28. Rxe5 bxc4 29. Bxe6 Rxe6 30. Rxe6 fxe6 31. Kf1 Rd4 32. Ke2 Kf7 33. Rc3 e5 34. g3 Ke6 35. Rf3 Kd5 36. Rf7 c3 37. Rxa7 Kc4 38. Rc7+ Kb3 39. b5 c2 40. b6 Rd8 41. b7 Rb8 42. a4 Kxa4 43. Kd2 Kb3 44. Rc3+ Ka4 45. Rc7 Kb3 46. Kc1 e4 47. Rxc2 g5 48. Rc7 Kb4 49. Kd2 Kb5 50. Ke3 Kb6 51. Re7 Rd8 52. Kxe4 Ka7 53. f4 gxf4 54. gxf4 Rg8 55. f5 Rg2 56. f6 Rxh2 57. Kd4 h5 58. f7 Rf2 59. b8=Q+ 1-0

[Event "Reykjavik Open 2025"]
[Site "Reykjavik"]
[Date "2025.04.13"]
[Round "6.81"]
[White "Harms, Reece"]
[Black "Bougain, Victor"]
[Result "1-0"]
[WhiteElo "1825"]
[WhiteFideId "2647400"]
[BlackElo "2061"]
[BlackFideId "45197784"]
[Variant "Standard"]
[StudyName "ROpen 2025 - Rd6 - Boards 45-108"]
1. e4 c6 2. d4 d5 3. e5 Bf5 4. h4 h5 5. Bd3 Bxd3 6. Qxd3 Qa5+ 7. b4 Qa6 8. Qb3 e6 9. Nd2 Qb6 10. c3 Nd7 11. a4 a5 12. b5 c5 13. Ne2 Ne7 14. O-O Nf5 15. Nf3 Be7 16. g3 O-O 17. Bg5 Bxg5 18. hxg5 g6 19. Rac1 Rac8 20. Rfd1 Qd8 21. c4 dxc4 22. Rxc4 Qe7 23. b6 cxd4 24. Rxc8 Rxc8 25. Nexd4 Nxd4 26. Rxd4 Rc5 27. Qa3 Nxb6 28. Nd2 Qc7 29. Ne4 Rc1+ 30. Kh2 Qc6 31. Rd8+ 1-0

[Event "Reykjavik Open 2025"]
[Site "Reykjavik"]
[Date "2025.04.13"]
[Round "6.82"]
[White "Alfaro Guillen, Jose Raul"]
[Black "Birkisson, Bardur Orn"]
[Result "1/2-1/2"]
[WhiteElo "1956"]
[WhiteFideId "6501966"]
[BlackElo "2342"]
[BlackFideId "2310597"]
[Variant "Standard"]
[StudyName "ROpen 2025 - Rd6 - Boards 45-108"]
1. Nf3 Nf6 2. g3 b6 3. Bg2 Bb7 4. O-O g6 5. d4 Bg7 6. c4 O-O 7. Nc3 Ne4 8. Nxe4 Bxe4 9. Bd2 c5 10. Bc3 Nc6 11. e3 cxd4 12. Nxd4 Bxg2 13. Kxg2 Nxd4 14. Bxd4 Qc7 15. Bxg7 Kxg7 16. Qd4+ Kg8 17. Rfd1 d6 18. h4 Rfc8 19. b3 Qb7+ 20. Qd5 Qxd5+ 21. Rxd5 h5 22. Rad1 a6 23. R1d2 Rab8 24. e4 b5 25. cxb5 axb5 26. e5 dxe5 27. Rxe5 Rb7 28. Kf3 b4 29. Re4 Rc3+ 30. Ke2 Rc5 31. Red4 Ra5 32. Rc4 Kg7 33. Kd1 e5 34. Ke2 Ra6 35. Ke3 Kf6 36. f4 Re6 37. fxe5+ Rxe5+ 38. Re4 Kf5 39. Rf2+ Ke6 40. Rxe5+ Kxe5 41. Rf4 f6 42. Rc4 Rb5 43. Kf3 g5 44. g4 f5 45. gxf5 g4+ 46. Kg3 Kxf5 47. Rd4 Ke5 48. Rc4 Kd5 49. Kf4 Kd6 50. Kg3 Ke5 51. Rf4 Rb8 52. Rc4 Rb7 53. Rc5+ Kd4 54. Rxh5 Ra7 55. Rb5 Kc3 56. Rc5+ Kb2 57. Rb5 Kc3 58. Rc5+ Kb2 59. Rb5 Kc3 60. Rc5+ 1/2-1/2

[Event "Reykjavik Open 2025"]
[Site "Reykjavik"]
[Date "2025.04.13"]
[Round "6.83"]
[White "Skjoldager, Nicklas"]
[Black "Nayak, Rajesh"]
[Result "0-1"]
[WhiteElo "1953"]
[WhiteFideId "1408720"]
[BlackElo "2277"]
[BlackFideId "35017152"]
[Variant "Standard"]
[StudyName "ROpen 2025 - Rd6 - Boards 45-108"]
1. e4 c5 2. Nf3 Nc6 3. d4 cxd4 4. Nxd4 Nf6 5. Nc3 d6 6. Bc4 Qb6 7. Nb3 e6 8. Be3 Qc7 9. O-O a6 10. a4 Ne5 11. Be2 Nc4 12. Bxc4 Qxc4 13. Qd4 Qxd4 14. Bxd4 Bd7 15. Bb6 Bc6 16. Rfe1 Be7 17. Rad1 Rc8 18. Nd4 O-O 19. f4 d5 20. exd5 Nxd5 21. Nxc6 bxc6 22. Nxd5 cxd5 23. c3 Rb8 24. a5 g6 25. Kf2 Rfc8 26. Re2 Bc5+ 27. Bxc5 Rxc5 28. Ra1 Rbb5 29. Rc1 Rc4 30. Ke3 Re4+ 31. Kf3 Rxe2 32. Kxe2 Rxb2+ 0-1

[Event "Reykjavik Open 2025"]
[Site "Reykjavik"]
[Date "2025.04.13"]
[Round "6.84"]
[White "Khaledi, Omid"]
[Black "Piacquadio, Riccardo Daniele"]
[Result "1/2-1/2"]
[WhiteElo "2228"]
[WhiteFideId "22514635"]
[BlackElo "1952"]
[BlackFideId "1565656"]
[Variant "Standard"]
[StudyName "ROpen 2025 - Rd6 - Boards 45-108"]
1. d4 Nf6 2. Nf3 d5 3. c4 e6 4. g3 dxc4 5. Bg2 c6 6. Ne5 Bb4+ 7. Bd2 Be7 8. e3 b5 9. Nxc6 Nxc6 10. Bxc6+ Bd7 11. Bxa8 Qxa8 12. O-O e5 13. f3 e4 14. fxe4 Nxe4 15. Nc3 O-O 16. Nxe4 Qxe4 17. Qf3 Qc2 18. Bc3 b4 19. Rf2 Qg6 20. Qb7 bxc3 21. Qxd7 Bg5 22. Re1 c2 23. Kg2 Qd3 24. Qa4 Qe4+ 25. Kh3 Qe6+ 26. Kg2 Qe4+ 27. Kh3 Qe6+ 1/2-1/2

[Event "Reykjavik Open 2025"]
[Site "Reykjavik"]
[Date "2025.04.13"]
[Round "6.85"]
[White "Schreidl, Michael"]
[Black "Fodor, Balazs"]
[Result "0-1"]
[WhiteElo "1949"]
[WhiteFideId "16265750"]
[BlackElo "2206"]
[BlackFideId "741850"]
[Variant "Standard"]
[StudyName "ROpen 2025 - Rd6 - Boards 45-108"]
1. d4 Nf6 2. c4 e6 3. Nf3 d5 4. g3 Bb4+ 5. Bd2 a5 6. Bg2 dxc4 7. a3 Be7 8. Qa4+ Bd7 9. Qxc4 Bc6 10. O-O O-O 11. Bf4 Nbd7 12. Nbd2 Nd5 13. e4 Nxf4 14. gxf4 Nb6 15. Qc2 Bb5 16. Rfe1 Rc8 17. Qc3 a4 18. Rac1 Ba6 19. Qe3 Nd7 20. Bh3 c6 21. d5 cxd5 22. Rxc8 Qxc8 23. exd5 Nc5 24. dxe6 fxe6 25. Nd4 Kh8 26. f5 Nd3 27. Nxe6 Rg8 28. Nf4 Bc5 29. Ng6+ hxg6 30. Qg5 Bxf2+ 31. Kh1 Bxe1 32. Nf3 Qc1 33. Qxc1 Nxc1 34. fxg6 Re8 35. Ng5 Bc4 36. Bd7 0-1

[Event "Reykjavik Open 2025"]
[Site "Reykjavik"]
[Date "2025.04.13"]
[Round "6.87"]
[White "Savidge, Daniel"]
[Black "Heppert, Lars"]
[Result "1-0"]
[WhiteElo "2180"]
[WhiteFideId "450332"]
[BlackElo "1949"]
[BlackFideId "24668575"]
[Variant "Standard"]
[StudyName "ROpen 2025 - Rd6 - Boards 45-108"]
1. e4 c6 2. d4 d5 3. e5 c5 4. dxc5 e6 5. a3 Bxc5 6. b4 Be7 7. c4 dxc4 8. Qg4 Kf8 9. Bxc4 Qc7 10. Bb2 Nh6 11. Qe2 Nf5 12. Nf3 a5 13. b5 Nd7 14. Nbd2 Nc5 15. Ne4 b6 16. Rc1 Bb7 17. Ba2 Qd7 18. Bb1 Rd8 19. O-O Bxe4 20. Bxe4 Nxe4 21. Qxe4 Qxb5 22. Bd4 g6 23. Rfd1 Kg7 24. g4 Nh4 25. Rd3 Rd7 26. Nxh4 Bxh4 27. f4 Be7 28. f5 gxf5 29. gxf5 Rg8 30. Rg3+ Kf8 31. Rxg8+ Kxg8 32. f6 Rxd4 33. Rc8+ Rd8 34. Qg2+ Kf8 35. fxe7+ 1-0

[Event "Reykjavik Open 2025"]
[Site "Reykjavik"]
[Date "2025.04.13"]
[Round "6.88"]
[White "Joel, Paul Ganta"]
[Black "Shepherd, Tom"]
[Result "1-0"]
[WhiteElo "2170"]
[WhiteFideId "35066145"]
[BlackElo "1937"]
[BlackFideId "447005"]
[Variant "Standard"]
[StudyName "ROpen 2025 - Rd6 - Boards 45-108"]
1. Nf3 Nf6 2. g3 c5 3. Bg2 Nc6 4. c4 d5 5. cxd5 Nxd5 6. Nc3 Nxc3 7. bxc3 e5 8. O-O Be7 9. Bb2 O-O 10. d4 exd4 11. cxd4 Bf6 12. Ba3 Nxd4 13. Nxd4 Bxd4 14. Rc1 Qa5 15. Qd3 Be6 16. e3 Bf6 17. Rxc5 Qa4 18. Rh5 g6 19. Bxf8 gxh5 20. Bh6 Rd8 21. Qb1 Qxa2 22. Qxb7 a5 23. Qf3 Qd5 24. Qxf6 1-0

[Event "Reykjavik Open 2025"]
[Site "Reykjavik"]
[Date "2025.04.13"]
[Round "6.89"]
[White "Tscheuschner, Georg"]
[Black "Teichmann, Alexander"]
[Result "1/2-1/2"]
[WhiteElo "2168"]
[WhiteFideId "12935549"]
[BlackElo "1934"]
[BlackFideId "24657735"]
[Variant "Standard"]
[StudyName "ROpen 2025 - Rd6 - Boards 45-108"]
1. c4 Nf6 2. Nf3 g6 3. d4 Bg7 4. g3 O-O 5. Bg2 d6 6. Nc3 Nc6 7. O-O a6 8. b3 Rb8 9. d5 Na5 10. Bg5 c5 11. dxc6 Nxc6 12. Rc1 Bg4 13. h3 Be6 14. Ne1 Qa5 15. Qd2 Rfc8 16. Nd3 Kf8 17. Nf4 Bd7 18. Nfd5 Nxd5 19. cxd5 Nd4 20. Bh6 Nb5 21. Nxb5 Qxd2 22. Bxd2 Bxb5 23. Bf3 Ke8 24. a4 Bd7 25. h4 Bb2 26. Rb1 Rc2 27. Rfd1 Bc3 28. Bg5 Rc8 29. Kf1 Bb4 30. Rdc1 b5 31. axb5 Bxb5 32. Rxc2 Rxc2 33. Rc1 Rxc1+ 34. Bxc1 1/2-1/2

[Event "Reykjavik Open 2025"]
[Site "Reykjavik"]
[Date "2025.04.13"]
[Round "6.90"]
[White "Sonne, Lasse"]
[Black "Vroombout, Enrico"]
[Result "0-1"]
[WhiteElo "1929"]
[WhiteFideId "1477161"]
[BlackElo "2161"]
[BlackFideId "1008730"]
[Variant "Standard"]
[StudyName "ROpen 2025 - Rd6 - Boards 45-108"]
1. e4 c5 2. d4 cxd4 3. c3 dxc3 4. Nxc3 a6 5. Bc4 e6 6. Nf3 b5 7. Bb3 Bb7 8. O-O d6 9. Ng5 Nd7 10. f4 Be7 11. f5 Bxg5 12. fxe6 fxe6 13. Qh5+ g6 14. Qxg5 Qxg5 15. Bxg5 Nc5 16. Rad1 h6 17. Bf6 Nxf6 18. Rxf6 Ke7 19. Rdf1 Raf8 20. Rxg6 Rxf1+ 21. Kxf1 Kf7 22. Rg4 b4 23. Na4 Nxb3 24. axb3 Rc8 25. Nb6 Rc1+ 26. Ke2 Rc2+ 27. Kd1 Rxb2 28. Nc4 Rxb3 29. Nxd6+ Kf6 30. Nxb7 Ke5 31. Nc5 Ra3 32. Kc2 Rc3+ 33. Kb2 Rxc5 34. Kb3 a5 35. Rg6 h5 36. h4 Rc3+ 37. Ka4 Ra3+ 38. Kb5 b3 39. Kc4 b2 40. Rg5+ Kxe4 41. Rb5 Ra4+ 42. Kc3 Rb4 43. Rxb4+ axb4+ 44. Kxb2 Kf4 0-1

[Event "Reykjavik Open 2025"]
[Site "Reykjavik"]
[Date "2025.04.13"]
[Round "6.91"]
[White "Kirk, Eden"]
[Black "Villiers, Thomas"]
[Result "0-1"]
[WhiteElo "1933"]
[WhiteFideId "680290"]
[BlackElo "2154"]
[BlackTitle "CM"]
[BlackFideId "427209"]
[Variant "Standard"]
[StudyName "ROpen 2025 - Rd6 - Boards 45-108"]
1. d4 d5 2. Nf3 Nf6 3. Bg5 Ne4 4. Bh4 g6 5. Nbd2 Nc6 6. e3 Bf5 7. c4 Bg7 8. cxd5 Qxd5 9. Bc4 Qa5 10. O-O Nxd2 11. Nxd2 O-O 12. Rc1 Rad8 13. a3 Qb6 14. b4 Rd7 15. g4 Nxd4 16. Bg3 Nc2 17. gxf5 Nxa3 18. Qb3 Rxd2 19. Bxc7 Qf6 20. Qxa3 Qg5+ 21. Bg3 Bb2 22. Qxa7 Bxc1 23. Rxc1 Qxf5 24. Qxb7 Rfd8 25. e4 Qf3 26. Bd5 e6 27. Qc7 Rf8 28. Qf4 Rd1+ 29. Rxd1 Qxd1+ 30. Kg2 exd5 31. Qf6 dxe4 32. Be5 Qf3+ 33. Qxf3 exf3+ 34. Kxf3 f6 35. Bd4 Rb8 36. Bc5 Re8 37. Kf4 Kf7 38. Bd4 Rb8 39. Bc5 Ke6 40. Ke4 Rd8 41. h4 Rd5 42. f3 Rd2 43. Kf4 Rh2 44. Kg3 Rc2 45. Bf8 Rc8 46. Bh6 Kf5 47. Be3 Rc4 48. b5 h5 49. b6 g5 50. hxg5 fxg5 51. Kg2 Rb4 52. Bf2 Rb2 53. Kf1 Kf4 54. Kg2 h4 55. b7 Rxb7 56. Be1 Rb2+ 57. Bf2 Rxf2+ 58. Kxf2 h3 59. Kg1 Kxf3 60. Kh1 g4 0-1

[Event "Reykjavik Open 2025"]
[Site "Reykjavik"]
[Date "2025.04.13"]
[Round "6.92"]
[White "Valtysson, Thor"]
[Black "Haertig, Jens"]
[Result "1/2-1/2"]
[WhiteElo "1929"]
[WhiteFideId "2301903"]
[BlackElo "2149"]
[BlackFideId "24602558"]
[Variant "Standard"]
[StudyName "ROpen 2025 - Rd6 - Boards 45-108"]
1. d4 d5 2. Nf3 Nf6 3. Bf4 e6 4. e3 Bd6 5. Bg3 O-O 6. Nbd2 c5 7. c3 Nc6 8. Bd3 Re8 9. Bxd6 Qxd6 10. O-O Bd7 11. Re1 Rad8 12. Bc2 e5 13. dxe5 Nxe5 14. Nxe5 Qxe5 15. Nf3 Qh5 16. Bd3 Bc6 17. Nd2 Qg5 18. Nf3 Qh5 19. Nd2 Qh4 20. Nf3 Qh6 21. a4 a6 22. b4 Ne4 23. bxc5 Nxc5 24. Bc2 Qf6 25. Qd4 Qe7 26. Qd1 Ne4 27. Bxe4 dxe4 28. Nd4 Bd5 29. Qg4 Qe5 30. Qe2 Rc8 31. Qb2 Rc7 32. Rec1 Rec8 33. a5 Rc4 34. Ra3 f5 35. Ne2 g5 36. g3 R4c5 37. Ra4 Bc6 38. Qa2+ Kg7 39. Ra3 Bd5 40. Qb2 Rb5 41. Qd2 Kg6 42. Ra4 Rc4 43. Rca1 1/2-1/2

[Event "Reykjavik Open 2025"]
[Site "Reykjavik"]
[Date "2025.04.13"]
[Round "6.93"]
[White "Aeschbacher, Dimitri"]
[Black "Eliasson, Kristjan Orn"]
[Result "1-0"]
[WhiteElo "2142"]
[WhiteFideId "551032830"]
[BlackElo "1889"]
[BlackFideId "2301784"]
[Variant "Standard"]
[StudyName "ROpen 2025 - Rd6 - Boards 45-108"]
1. e4 d6 2. d4 Nf6 3. Nc3 g6 4. g3 Bg7 5. Bg2 O-O 6. Nge2 c6 7. a4 a5 8. O-O Qc7 9. h3 e5 10. Be3 Na6 11. g4 h5 12. g5 Nh7 13. Kh1 Qe7 14. Qd2 f6 15. gxf6 Qxf6 16. f4 Qe7 17. fxe5 dxe5 18. Rxf8+ Nxf8 19. d5 Bd7 20. Rf1 Nh7 21. b3 g5 22. d6 Qd8 23. Ng3 h4 24. Nf5 Bf6 25. Bf3 Bxf5 26. exf5 Nb8 27. Ne4 Nd7 28. Rg1 Kh8 29. Bxg5 Bxg5 30. Nxg5 Qf8 31. Nxh7 Qxf5 32. Ng5 Rg8 33. Be4 Qf6 34. Nf7+ 1-0

[Event "Reykjavik Open 2025"]
[Site "Reykjavik"]
[Date "2025.04.13"]
[Round "6.94"]
[White "Wedin, Svante"]
[Black "Jaksland, Tim"]
[Result "0-1"]
[WhiteElo "1902"]
[WhiteFideId "1711989"]
[BlackElo "2140"]
[BlackFideId "1401084"]
[Variant "Standard"]
[StudyName "ROpen 2025 - Rd6 - Boards 45-108"]
1. e4 e5 2. Nf3 Nc6 3. Bc4 Nf6 4. Ng5 d5 5. exd5 Na5 6. Bb5+ c6 7. dxc6 bxc6 8. Qf3 cxb5 9. Qxa8 Qc7 10. Qf3 Nc6 11. Qd1 h6 12. Nf3 e4 13. Ng1 Bc5 14. h3 Qb6 15. Qe2 O-O 16. Nc3 Nd4 17. Qd1 Bf5 18. Nge2 e3 19. Nxd4 exf2+ 20. Kf1 Bxd4 21. Ne2 Re8 22. d3 Nh5 23. Bf4 Nxf4 0-1

[Event "Reykjavik Open 2025"]
[Site "Reykjavik"]
[Date "2025.04.13"]
[Round "6.95"]
[White "Landmark, Gabriel"]
[Black "Arruebarrena Rodriguez, Rafael"]
[Result "0-1"]
[WhiteElo "1927"]
[WhiteFideId "2524848"]
[BlackElo "2129"]
[BlackFideId "3901092"]
[Variant "Standard"]
[StudyName "ROpen 2025 - Rd6 - Boards 45-108"]
1. e4 c5 2. Nf3 e6 3. d4 cxd4 4. Nxd4 Nc6 5. Nc3 Qc7 6. Be3 a6 7. a3 Nf6 8. Bd3 Ne5 9. h3 Bc5 10. Be2 d6 11. O-O O-O 12. f4 Ng6 13. Qd2 b5 14. Nb3 Bxe3+ 15. Qxe3 Bb7 16. Bd3 e5 17. fxe5 dxe5 18. Nc5 Rac8 19. Nxb7 Qxb7 20. g3 Rfd8 21. Rf5 Rd6 22. Raf1 Qc7 23. h4 Ng4 24. Qf3 Qc5+ 25. Kh1 Ne3 26. Rf2 f6 27. Nd5 Nxf5 28. Qxf5 Re8 29. Qf3 Nf8 30. c3 Rxd5 31. exd5 e4 32. Bxe4 Rxe4 33. Qxe4 Qxf2 34. d6 Qf1+ 35. Kh2 Qc4 36. Qe7 Qd5 37. b3 Qxb3 0-1

[Event "Reykjavik Open 2025"]
[Site "Reykjavik"]
[Date "2025.04.13"]
[Round "6.96"]
[White "Zhou, Guijue"]
[Black "Solano, Juan Pablo"]
[Result "1-0"]
[WhiteElo "2127"]
[WhiteFideId "8602905"]
[BlackElo "1929"]
[BlackFideId "3306003"]
[Variant "Standard"]
[StudyName "ROpen 2025 - Rd6 - Boards 45-108"]
1. e4 c5 2. Nf3 d6 3. d4 cxd4 4. Nxd4 a6 5. c4 Nf6 6. Nc3 Nc6 7. f3 e6 8. Nc2 Be7 9. Be3 O-O 10. Qd2 Qa5 11. Be2 Rd8 12. a3 d5 13. b4 Qc7 14. exd5 exd5 15. c5 d4 16. Nxd4 Bf5 17. O-O Rd7 18. Rfd1 Rad8 19. Nxf5 Rxd2 20. Rxd2 Rxd2 21. Bxd2 Qe5 22. Bd3 Bf8 23. Re1 Qc7 24. Bg5 Qd7 25. Bc2 Ne7 26. Nd6 Ned5 27. Nxd5 Nxd5 28. Bb3 Bxd6 29. cxd6 h6 30. Be7 Nf4 31. g3 Ng6 32. Re2 b5 33. Kg2 h5 34. h4 Qb7 35. Bc2 Qd5 36. Be4 Qd4 37. Rc2 Nxe7 38. dxe7 Qd7 39. Rc7 Qe8 40. Bc6 1-0

[Event "Reykjavik Open 2025"]
[Site "Reykjavik"]
[Date "2025.04.13"]
[Round "6.97"]
[White "Balje, Jan"]
[Black "Kleinert, Juergen"]
[Result "1-0"]
[WhiteElo "2125"]
[WhiteFideId "1004085"]
[BlackElo "1885"]
[BlackFideId "4659180"]
[Variant "Standard"]
[StudyName "ROpen 2025 - Rd6 - Boards 45-108"]
1. d4 d5 2. c4 dxc4 3. e3 Nf6 4. Bxc4 e6 5. Nf3 a6 6. O-O c5 7. Nbd2 Nc6 8. dxc5 Bxc5 9. a3 b5 10. Be2 Bb7 11. b4 Be7 12. Bb2 O-O 13. Rc1 Rc8 14. Nb3 Qb6 15. Nc5 Rfd8 16. Qb3 Ba8 17. Nxe6 fxe6 18. Qxe6+ Kh8 19. Ne5 Rf8 20. Nxc6 Rxc6 21. Qxe7 Kg8 22. Bd4 Qb8 23. Rxc6 Bxc6 24. Qe6+ 1-0

[Event "Reykjavik Open 2025"]
[Site "Reykjavik"]
[Date "2025.04.13"]
[Round "6.98"]
[White "Hafthorsson, Jon Ulfur"]
[Black "Le Pen, Steven"]
[Result "0-1"]
[WhiteElo "1872"]
[WhiteFideId "2323206"]
[BlackElo "2125"]
[BlackFideId "612197"]
[Variant "Standard"]
[StudyName "ROpen 2025 - Rd6 - Boards 45-108"]
1. d4 Nf6 2. Nc3 d5 3. Bf4 e6 4. Nb5 Bb4+ 5. c3 Ba5 6. e3 O-O 7. Bd3 a6 8. Na3 Qe7 9. Nb1 Nbd7 10. b4 Bb6 11. Nf3 Ne4 12. Qc2 f5 13. O-O g5 14. Bxe4 gxf4 15. Bd3 fxe3 16. fxe3 c6 17. Nbd2 Bc7 18. Nb3 Nf6 19. Qe2 Bd7 20. Nc5 Rab8 21. Nxd7 Qxd7 22. Kf2 Ne4+ 23. Ke1 Nxc3 24. Qf2 a5 25. a3 axb4 26. axb4 Ra8 27. Qb2 Ne4 28. Bxe4 dxe4 29. Ne5 Rxa1+ 30. Qxa1 Bxe5 31. dxe5 Qd3 32. Qd4 Qxd4 33. exd4 Rd8 34. g4 fxg4 35. Rf6 Rxd4 36. Rxe6 Kf7 37. Rf6+ Ke7 38. Rf4 Rxb4 39. Rxg4 Ke6 40. Rh4 Kxe5 41. Rxh7 Rb2 42. h4 b5 43. h5 b4 44. h6 Rh2 45. Rb7 c5 46. h7 Kd4 47. Rg7 b3 48. Kd1 b2 49. Rb7 Rxh7 50. Rxb2 Rh1+ 0-1

[Event "Reykjavik Open 2025"]
[Site "Reykjavik"]
[Date "2025.04.13"]
[Round "6.99"]
[White "Maton, Emily"]
[Black "Jonsson, Gauti Pall"]
[Result "0-1"]
[WhiteElo "1912"]
[WhiteFideId "343120293"]
[BlackElo "2122"]
[BlackFideId "2309092"]
[Variant "Standard"]
[StudyName "ROpen 2025 - Rd6 - Boards 45-108"]
1. d4 Nf6 2. Nf3 e6 3. Bf4 c5 4. e3 cxd4 5. exd4 b6 6. c3 Be7 7. Bd3 Ba6 8. Bxb8 Bxd3 9. Qxd3 Rxb8 10. Nbd2 b5 11. O-O O-O 12. Ne5 Qc7 13. Ne4 Nd5 14. Qg3 d6 15. Nd3 b4 16. Nf4 Nxf4 17. Qxf4 Rfc8 18. Rac1 d5 19. Qxc7 Rxc7 20. Ng3 bxc3 21. Rxc3 Rxc3 22. bxc3 Rb2 23. Ra1 Rc2 24. Kf1 Rxc3 25. Rb1 Bd6 26. Ne2 Rc2 27. a4 Rc4 28. Ra1 a5 29. Ke1 Kf8 30. Kd2 f6 31. f4 Ke7 32. Kd3 e5 33. fxe5 fxe5 34. dxe5 Bxe5 35. Ra2 Kd6 36. h3 Kc5 37. Rc2 Rxc2 38. Kxc2 Kb4 39. Nc1 Kxa4 40. Nd3 Bd6 41. Nb2+ Kb5 42. Nd1 Bc5 43. Nc3+ Kc4 44. Ne2 d4 45. Nf4 a4 46. Nd3 a3 47. Ne5+ Kd5 48. Nd3 Bd6 49. Kb3 Ke4 50. Nf2+ Ke3 51. Ng4+ Ke2 0-1

[Event "Reykjavik Open 2025"]
[Site "Reykjavik"]
[Date "2025.04.13"]
[Round "6.100"]
[White "Hartung, Thomas"]
[Black "Isleifsson, Runar"]
[Result "1-0"]
[WhiteElo "2118"]
[WhiteFideId "24668273"]
[BlackElo "1879"]
[BlackFideId "2305917"]
[Variant "Standard"]
[StudyName "ROpen 2025 - Rd6 - Boards 45-108"]
1. e4 e5 2. Nf3 Nf6 3. d4 Nxe4 4. dxe5 d5 5. Bd3 Be7 6. Nbd2 Nc5 7. Nf1 Nxd3+ 8. Qxd3 c5 9. h4 Nc6 10. Bg5 Be6 11. Bxe7 Qxe7 12. Ne3 O-O-O 13. Nf5 Bxf5 14. Qxf5+ Kb8 15. O-O-O h6 16. Rhe1 Qe6 17. Qf4 Ka8 18. Kb1 Rhe8 19. h5 g5 20. hxg6 Qxg6 21. g3 Re6 22. Nh4 Qg5 23. Qxf7 Rxe5 24. Nf3 Rxe1 25. Rxe1 Qg8 26. Qxg8 Rxg8 27. Nh4 Kb8 28. Kc1 Kc7 29. Kd2 Kd7 30. c3 Rg5 31. Ng2 Rh5 32. Nh4 Ne5 33. f4 Rxh4 34. Rxe5 Rh2+ 35. Ke3 Kd6 36. b3 Rh1 37. Kd3 d4 38. cxd4 cxd4 39. Ke4 Rh3 40. g4 Rh4 41. Rd5+ Ke6 42. Rh5 Rxg4 43. Rxh6+ Kd7 44. Rh2 Kd6 45. Rd2 Ke6 46. Rxd4 Rg1 47. f5+ Ke7 48. Ke5 Re1+ 49. Re4 Rd1 50. f6+ Kf7 51. Ra4 a6 52. Rd4 Re1+ 53. Kd6 b5 54. Kc5 Re6 55. Rd7+ Kxf6 56. Rd6 Ke5 57. Rxe6+ Kxe6 58. b4 1-0

[Event "Reykjavik Open 2025"]
[Site "Reykjavik"]
[Date "2025.04.13"]
[Round "6.101"]
[White "Lacroix, Romain"]
[Black "Hallsson, Jon Eggert"]
[Result "1-0"]
[WhiteElo "2101"]
[WhiteFideId "642592"]
[BlackElo "1869"]
[BlackFideId "2311569"]
[Variant "Standard"]
[StudyName "ROpen 2025 - Rd6 - Boards 45-108"]
1. d4 e6 2. c4 f5 3. Nf3 Nf6 4. g3 Be7 5. Nc3 O-O 6. Bg2 d6 7. O-O Ne4 8. Nxe4 fxe4 9. Nd2 d5 10. f3 Nc6 11. e3 exf3 12. Nxf3 Na5 13. Ne5 Bf6 14. Bd2 c6 15. Bb4 Re8 16. Rxf6 Qxf6 17. Bxa5 b6 18. Bc3 Ba6 19. Qe2 b5 20. cxd5 exd5 21. Rf1 Qe6 22. Bb4 c5 23. Bxc5 b4 24. Nd3 Rad8 25. Rd1 b3 26. axb3 Qh6 27. Qf2 Qxe3 28. Qxe3 Rxe3 29. Nf4 Bb7 30. b4 Rb3 31. Rd2 a6 32. Kf2 Kf7 33. Nd3 Bc8 34. Nc1 1-0

[Event "Reykjavik Open 2025"]
[Site "Reykjavik"]
[Date "2025.04.13"]
[Round "6.102"]
[White "Jonsson, Olafur Gisli"]
[Black "Weidenhoefer, Max"]
[Result "0-1"]
[WhiteElo "1856"]
[WhiteFideId "2302705"]
[BlackElo "2085"]
[BlackFideId "16230566"]
[Variant "Standard"]
[StudyName "ROpen 2025 - Rd6 - Boards 45-108"]
1. Nf3 d5 2. e3 Nf6 3. c4 e6 4. Nc3 Be7 5. b3 O-O 6. Bb2 b6 7. h4 Bb7 8. Ng5 c5 9. cxd5 exd5 10. Qc2 Nbd7 11. Bd3 h6 12. O-O-O Rc8 13. Kb1 d4 14. Bh7+ Kh8 15. Nce4 Nxh7 16. Nxh7 Bxe4 17. Qxe4 f5 18. Qd3 Ne5 19. Qa6 Kxh7 20. f3 Qd7 21. h5 b5 22. f4 Rf6 0-1